000 00837nam a22001815i 4500
001 159497
003 ES-MaACL
005 20230906211630.0
008 040910s1900 fr |||| | fre d
040 _aCAM
_bspa
_cCAM
100 1 _aMerlet, Gustave.
_9129860
245 1 0 _aÉtudes littéraires sur les grands classiques latines et extraits empruntés aux meilleures traductions /
_cpar Gustave Merlet.
250 _a5e éd. rev.
260 _aParis :
_blibrairie Hachette et Cie.,
_c1900 (
_fImprimerie Lahure)
300 _aXVI, 594 p. ;
_c19 cm.
650 0 4 _aEscritores latinos-
_xCrítica e interpretación.
_9136029
852 _aES-MaACL
_jF-11237
_z-- Rúst.
_z-- Enc. al final de la obra: "Notice de livres classiques a l'usage de l'enseignement secondaire et de l'enseignement supérieur" de la librería Hachette et Cie, 1906
999 _c159497
_d159497